Statistics for Smackdown Live Superstars

Click here to take the quiz!

General Stats

  • This quiz has been taken 9 times
  • The average score is 10 of 15

Answer Stats

HintAnswer% Correct
The Phenominal OneA.J Styles
100%
The Lone WolfBaron Corbin
100%
The new Face of FearBray Wyatt
80%
He's here to show the WorldDolph Ziggler
80%
The Face that runs this PlaceJohn Cena
80%
The ViperRandy Orton
80%
Tag team Champions Olympic AthleteChad Gable
60%
General ManagerDaniel Bryan
60%
The Lunatic FringeDean Ambrose
60%
He's got KidsHeath Slater
60%
The Final Member of the Wyatt familyLuke Harper
60%
The only Third generation WomanNatalya
60%
CommissionerShane McMahon
60%
He's _______________ and he's AWSOMEThe Miz
60%
The only member of the 4 horsewoman that is on Smackdown LiveBecky Lynch
40%

Score Distribution

Percentile by Number Answered

Percent of People with Each Score

Your Score History

You have not taken this quiz